Language speech impairment rehabilitation using automatic speech recognition (ASR) technique / (رقم التسجيلة. 44788)
[ عرض عادي ]
| 000 -LEADER | |
|---|---|
| fixed length control field | 01767cam a2200349 a 4500 |
| 003 - CONTROL NUMBER IDENTIFIER | |
| control field | EG-GiCUC |
| 005 - DATE AND TIME OF LATEST TRANSACTION | |
| control field | 20250223030925.0 |
| 008 - FIXED-LENGTH DATA ELEMENTS--GENERAL INFORMATION | |
| fixed length control field | 140109s2013 ua dh f m 000 0 eng d |
| 040 ## - CATALOGING SOURCE | |
| Original cataloging agency | EG-GiCUC |
| Language of cataloging | eng |
| Transcribing agency | EG-GiCUC |
| 041 0# - LANGUAGE CODE | |
| Language code of text/sound track or separate title | eng |
| 049 ## - LOCAL HOLDINGS (OCLC) | |
| Holding library | Deposite |
| 097 ## - Thesis Degree | |
| Thesis Level | M.Sc |
| 099 ## - LOCAL FREE-TEXT CALL NUMBER (OCLC) | |
| Classification number | Cai01.13.03.M.Sc.2013.Ha.L |
| 100 0# - MAIN ENTRY--PERSONAL NAME | |
| Personal name | Hala Saad Aboelmakarem Abdelaziz |
| 245 10 - TITLE STATEMENT | |
| Title | Language speech impairment rehabilitation using automatic speech recognition (ASR) technique / |
| Statement of responsibility, etc. | Hala Saad Aboelmakarem Abdelaziz ; Supervised Ahmed M. Ragab Elbialy , Ahmed Hesham Kandil , Sahar Ali Fawzi |
| 246 15 - VARYING FORM OF TITLE | |
| Title proper/short title | تأهيل المعاقين لغويا باستخدام تقنية التعرف على الكلام |
| 260 ## - PUBLICATION, DISTRIBUTION, ETC. | |
| Place of publication, distribution, etc. | Cairo : |
| Name of publisher, distributor, etc. | Hala Saad Aboelmakarem Abdelaziz , |
| Date of publication, distribution, etc. | 2013 |
| 300 ## - PHYSICAL DESCRIPTION | |
| Extent | 89 P. : |
| Other physical details | charts , facsimiles ; |
| Dimensions | 30cm |
| 502 ## - DISSERTATION NOTE | |
| Dissertation note | Thesis (M.Sc.) - Cairo University - Faculty of Engineering - Department of System and Biomedical Engineering |
| 520 ## - SUMMARY, ETC. | |
| Summary, etc. | This study aims to develop rehabilitation systems with Egyptian Arabic accent. Those systems are running in two tracks. The first track is concerned with adult suffering from receptive dysphasia disorder and the second is concerned with children having language-speech delayed disord disorder and monitor their progress with the system using |
| 530 ## - ADDITIONAL PHYSICAL FORM AVAILABLE NOTE | |
| Additional physical form available note | Issued also as CD |
| 653 #4 - INDEX TERM--UNCONTROLLED | |
| Uncontrolled term | Automatic Speech Recognition (ASR) |
| 653 #4 - INDEX TERM--UNCONTROLLED | |
| Uncontrolled term | Isolated word recognition (IWR) |
| 653 #4 - INDEX TERM--UNCONTROLLED | |
| Uncontrolled term | Vector Quantization(VQ) |
| 700 0# - ADDED ENTRY--PERSONAL NAME | |
| Personal name | Ahmed Hesham Kandil , |
| Relator term | |
| 700 0# - ADDED ENTRY--PERSONAL NAME | |
| Personal name | Ahmed Mohamed Ragab Elbialy , |
| Relator term | |
| 700 0# - ADDED ENTRY--PERSONAL NAME | |
| Personal name | Sahar Ali Fawzi , |
| Relator term | |
| 856 ## - ELECTRONIC LOCATION AND ACCESS | |
| Uniform Resource Identifier | <a href="http://172.23.153.220/th.pdf">http://172.23.153.220/th.pdf</a> |
| 905 ## - LOCAL DATA ELEMENT E, LDE (RLIN) | |
| Cataloger | Aml |
| Reviser | Cataloger |
| 905 ## - LOCAL DATA ELEMENT E, LDE (RLIN) | |
| Cataloger | Nazla |
| Reviser | Revisor |
| 942 ## - ADDED ENTRY ELEMENTS (KOHA) | |
| Source of classification or shelving scheme | Dewey Decimal Classification |
| Koha item type | Thesis |
| Source of classification or shelving scheme | Not for loan | Home library | Current library | Date acquired | Full call number | Barcode | Date last seen | Koha item type | Copy number |
|---|---|---|---|---|---|---|---|---|---|
| Dewey Decimal Classification | المكتبة المركزبة الجديدة - جامعة القاهرة | قاعة الرسائل الجامعية - الدور الاول | 11.02.2024 | Cai01.13.03.M.Sc.2013.Ha.L | 01010110061747000 | 22.09.2023 | Thesis | ||
| Dewey Decimal Classification | المكتبة المركزبة الجديدة - جامعة القاهرة | مخـــزن الرســائل الجـــامعية - البدروم | 11.02.2024 | Cai01.13.03.M.Sc.2013.Ha.L | 01020110061747000 | 22.09.2023 | CD - Rom | 61747.CD |